[Event "Moscow op-E"]
[Site "Moscow"]
[Date "2011.02.04"]
[Round "7.148"]
[White "Nesterov, Sergei"]
[Black "Perednij, Evgenij"]
[Result "0-1"]
[WhiteElo "1997"]
[BlackElo "2128"]
[PlyCount "76"]
[EventDate "2011.01.29"]
[EventType "swiss"]
[EventRounds "9"]
[EventCountry "RUS"]
[SourceTitle "EXT 2022"]
[Source "ChessBase"]
[SourceDate "2021.10.06"]
[SourceVersion "1"]
[SourceVersionDate "2021.10.06"]
[SourceQuality "1"]

1. e4 e5 2. Nf3 Nc6 3. Bb5 a6 4. Bxc6 dxc6 5. 0-0 f6 6. d4 Bg4 7. dxe5 Qxd1 8. Rxd1 fxe5 9. Nc3 Bxf3 10. gxf3 Bd6 11. f4 exf4 12. e5 Bb4 13. Ne4 Ne7 14. Bxf4 Nd5 15. Bg3 b5 16. a3 Be7 17. b3 0-0-0 18. c3 g5 19. a4 Kb7 20. axb5 cxb5 21. Nd6+ Bxd6 22. Rxd5 Be7 23. Rad1 Rxd5 24. Rxd5 Rd8 25. Rxd8 Bxd8 26. f4 gxf4 27. Bxf4 a5 28. Kf2 a4 29. bxa4 bxa4 30. Bc1 Kc6 31. c4 Kc5 32. Kf3 Kxc4 33. Ke4 Be7 34. e6 a3 35. Bf4 a2 36. Be5 c6 37. Bg7 Kb3 38. Kd3 c5 0-1

[Event "Moscow op-B"]
[Site "Moscow"]
[Date "2010.02.07"]
[Round "9.11"]
[White "Perednij, Evgenij"]
[Black "Vakhlamov, Igor L"]
[Result "0-1"]
[WhiteElo "2180"]
[BlackElo "2268"]
[PlyCount "58"]
[EventDate "2010.01.30"]
[EventType "swiss"]
[EventRounds "9"]
[EventCountry "RUS"]
[SourceTitle "EXT 2023"]
[Source "ChessBase"]
[SourceDate "2022.10.05"]
[SourceVersion "1"]
[SourceVersionDate "2022.10.05"]
[SourceQuality "1"]

1. e4 c5 2. Nf3 g6 3. d4 Bg7 4. Nc3 cxd4 5. Nxd4 Nc6 6. Be3 Nf6 7. Be2 0-0 8. 0-0 d5 9. exd5 Nb4 10. d6 Qxd6 11. Ncb5 Qd8 12. c4 a6 13. Nc3 e5 14. Nb3 Qc7 15. Qc1 Bg4 16. f3 Bf5 17. Bc5 Nc2 18. Rb1 Rfd8 19. Na4 Nd4 20. Nxd4 exd4 21. Bb6 Qc6 22. Bxd8 Rxd8 23. b3 d3 24. Rd1 d2 25. Qa3 Qe6 26. Kf1 Bxb1 27. Nc5 Qe3 28. Qa5 b6 29. Qxa6 Ng4 0-1